| Tag |
First Indicator |
Second Indicator |
Subfields |
| LEADER |
00000cam a2200000 a 4500 |
| 001 |
in00001308317 |
| 005 |
20151005060425.0 |
| 007 |
he bmb024baca |
| 008 |
950525s1994 xx bb 000 0 eng d |
| 035 |
|
|
|a (OCoLC)32535968
|
| 035 |
|
|
|9 AHB2375AM
|
| 037 |
|
|
|a PSY 1774
|b Microform Publications
|c $8.00
|
| 040 |
|
|
|a ORU
|c INT
|d INT
|d HPE
|d TXA
|d UtOrBLW
|
| 049 |
|
|
|a TXAI
|
| 090 |
|
|
|a BF327
|
| 092 |
|
|
|a 152.4
|
| 099 |
|
|
|a fiche C
|a 17439
|
| 100 |
1 |
|
|a Gentile, Dina.
|
| 245 |
1 |
4 |
|a The perceptions of sport management students toward the marketability of professional athletes /
|c by Dina Gentile.
|
| 246 |
1 |
7 |
|a Professional athletes
|
| 264 |
|
1 |
|a [Place of publication not identified] :
|b [publisher not identified] ;
|c 1994.
|
| 300 |
|
|
|a viii, 149 leaves.
|
| 336 |
|
|
|a text
|b txt
|2 rdacontent
|
| 337 |
|
|
|a microform
|b h
|2 rdamedia
|
| 338 |
|
|
|a microfiche
|b he
|2 rdacarrier
|
| 502 |
|
|
|b M.S.
|c Springfield College
|d 1994.
|
| 504 |
|
|
|a Includes bibliographical references.
|
| 533 |
|
|
|a Microfiche.
|b Eugene :
|c Microform Publications, University of Oregon,
|d 1995.
|e 2 microfiches : negative.
|n "UO 95 113--UO 95 114."
|
| 539 |
|
|
|a s
|b 1995
|d oru
|e n
|g b
|
| 500 |
|
|
|a Microform.
|
| 650 |
|
0 |
|a Sports
|x Marketing.
|
| 650 |
|
0 |
|a Professional sports
|x Social aspects.
|
| 650 |
|
0 |
|a Athletes
|x Public opinion.
|
| 650 |
|
0 |
|a Stereotypes (Social psychology) in advertising.
|
| 999 |
|
|
|a MARS
|
| 999 |
f |
f |
|s a6a8684e-2110-3397-b3b9-52b4c1bb0972
|i 0e02bc52-5507-3aab-ae29-9b2e5032c282
|t 0
|
| 952 |
f |
f |
|p default
|a Texas A&M University
|b College Station
|c Sterling C. Evans Library
|d Evans: Microforms (3rd floor)
|t 0
|e fiche C 17439
|h Other scheme
|i microform -- microfiche
|
| 998 |
f |
f |
|a fiche C 17439
|t 0
|l Evans: Microforms (3rd floor)
|